MARC details
| 000 -LEADER |
| fixed length control field |
01206cas a2200337 i 4500 |
| 001 - CONTROL NUMBER |
| control field |
13420780 |
| 005 - DATE AND TIME OF LATEST TRANSACTION |
| control field |
20241016154039.0 |
| 008 - FIXED-LENGTH DATA ELEMENTS--GENERAL INFORMATION |
| fixed length control field |
101624c2013 caubr pso 0 a0eng c |
| 010 ## - LIBRARY OF CONGRESS CONTROL NUMBER |
| LC control number |
2003214074 |
| 022 0# - INTERNATIONAL STANDARD SERIAL NUMBER |
| International Standard Serial Number |
0022-2429 |
| ISSN-L |
0022-2429 |
| Source |
1 |
| 040 ## - CATALOGING SOURCE |
| Original cataloging agency |
BUF |
| Language of cataloging |
eng |
| Description conventions |
pn |
| Transcribing agency |
CSPC |
| Modifying agency |
OCLCO |
| 050 00 - LIBRARY OF CONGRESS CALL NUMBER |
| Classification number |
HF5415.A2 |
| 222 #0 - KEY TITLE |
| Key title |
Journal of marketing |
| Qualifying information |
(Online) |
| 245 10 - TITLE STATEMENT |
| Title |
Journal of marketing. |
| 260 ## - PUBLICATION, DISTRIBUTION, ETC. |
| Place of publication, distribution, etc. |
New York : |
| Name of publisher, distributor, etc. |
American Marketing Association, |
| Date of publication, distribution, etc. |
2013- |
| 310 ## - CURRENT PUBLICATION FREQUENCY |
| Current publication frequency |
Bimonthly, |
| 336 ## - CONTENT TYPE |
| Content type term |
text |
| Content type code |
txt |
| Source |
rdacontent |
| 337 ## - MEDIA TYPE |
| Media type term |
computer |
| Media type code |
c |
| Source |
rdamedia |
| 338 ## - CARRIER TYPE |
| Carrier type term |
online resource |
| Carrier type code |
cr |
| Source |
rdacarrier |
| 490 ## - SERIES STATEMENT |
| Materials specified |
Printed Journal Collection |
| 500 ## - GENERAL NOTE |
| General note |
Includes bibliographical references. |
| 521 ## - TARGET AUDIENCE NOTE |
| Target audience note |
COLLEGE OF TOURISM, HOSPITALITY AND BUSINESS MANAGEMENT (CTHBM)<br/> |
| 650 #0 - SUBJECT ADDED ENTRY--TOPICAL TERM |
| Topical term or geographic name entry element |
Marketing |
| Form subdivision |
Periodicals. |
| 650 #7 - SUBJECT ADDED ENTRY--TOPICAL TERM |
| Topical term or geographic name entry element |
Marketing. |
| Source of heading or term |
fast |
| Authority record control number or standard number |
(OCoLC)fst01010167 |
| 655 #7 - INDEX TERM--GENRE/FORM |
| Genre/form data or focus term |
Periodicals. |
| Source of term |
fast |
| Authority record control number or standard number |
(OCoLC)fst01411641 |
| 710 2# - ADDED ENTRY--CORPORATE NAME |
| Corporate name or jurisdiction name as entry element |
American Marketing Association. |
| 710 2# - ADDED ENTRY--CORPORATE NAME |
| Corporate name or jurisdiction name as entry element |
American Marketing Society. |
| 776 08 - ADDITIONAL PHYSICAL FORM ENTRY |
| Relationship information |
Print version: |
| Title |
Journal of marketing |
| International Standard Serial Number |
0022-2429 |
| Record control number |
(DLC) 38024264 |
| -- |
(OCoLC)1782320 |
| 942 ## - ADDED ENTRY ELEMENTS (KOHA) |
| Source of classification or shelving scheme |
Dewey Decimal Classification |
| Koha item type |
Serials |
| Suppress in OPAC |
No |